000 01908nam2a22002291 4500
001 rc\3953773
005 20250610131527.0
035 _a(NLR Aleph) 007924567
090 _a8179435
_c8179435
100 _a20130415d1956 |||y0rusy50 ca
101 0 _arus
102 _aRU
105 _ay z |||||
200 1 _aТребования к крупным заполнителям для тяжелых бетонов сборных железобетонных и бетонных конструкций гражданского и промышленного строительства
210 _d1956
_aБ. м.
461 0 _1001rc\3953772
_12001#$aДоклады и сообщения на Совещании по современным проблемам технологии бетона в промышленности сборного железобетона$fНауч.-техн. о-во пром-сти. строит. материалов. Моск. обл. правл. Науч.-техн. о-во строит. пром-сти. Моск. обл. правл.$v[1]
_98179432
_aСовещание по современным проблемам технологии бетона в промышленности сборного железобетона (1956 ; Москва)
_cМосква
_d1956
_fНауч.-техн. о-во пром-сти. строит. материалов. Моск. обл. правл. Науч.-техн. о-во строит. пром-сти. Моск. обл. правл.
_nПромстройиздат
_p12 с.
_tДоклады и сообщения на Совещании по современным проблемам технологии бетона в промышленности сборного железобетона
_v[1]
700 1 _aГордон
_bС.С.
801 0 _aRU
_bNLR
_gpsbo
801 1 _aRU
_bELAR
_2rusmarc
852 _aNLR
_j57-6/258
942 _cBOOK
980 _aNB